00684nam a2200157 a 450000500170000000800410001702000180005805000230007610000220009924500840012126000510020530000210025650001720027765000340044965000430048320140310183357.0120925s19uu xx 00 eng d a9780789030498 aBV 4435b.M54 2005 aKoepke, Donald R. aMinistering to older adults :bthe building blocks /cDonald R. Koepke, editor. aNew York, NY :bHaworth Pastoral Press,c2005. a209 p. :c23 cm. a"... has been co-published simultaneously as Journal of religion, spirituality, and aging, Volume 17, Numbers 3/4 2005." Includes bibliographical references and index. aChurch work with older people aAgingxReligious aspectsxChristianity